[Event "Titled Tue 17th Jun Early"]
[Site "chess.com INT"]
[Date "2025.06.17"]
[Round "6"]
[White "Fernandez Garcia, Gumersindo"]
[Black "Zepeda Berlanga, Jan Enrique"]
[Result "1-0"]
[WhiteTitle "CM"]
[BlackTitle "CM"]
[WhiteElo "2197"]
[BlackElo "1984"]
[WhiteFideId "24516740"]
[BlackFideId "5132355"]
[EventDate "2025.06.17"]

1. e4 e5 2. Nf3 Nc6 3. d4 exd4 4. Bc4 Bb4+ 5. c3 dxc3 6. Nxc3 Nf6 7. e5 d5 8.
exf6 dxc4 9. fxg7 Qxd1+ 10. Kxd1 Rg8 11. Re1+ Be6 12. Bh6 O-O-O+ 13. Kc1 Nd4 14.
Ng5 Nf5 15. Nxe6 fxe6 16. Rxe6 Nxh6 17. Rxh6 Rxg7 18. g3 Rd3 19. Rf6 Re7 20. Rb1
Bxc3 21. bxc3 Re1+ 22. Kb2 Re2+ 23. Ka3 a5 24. Rf8+ Kd7 25. Rf7+ Kd6 26. Rf6+
Ke7 27. Rf4 Rxc3+ 28. Ka4 Rxa2+ 29. Kb5 c6+ 30. Kc5 Rb3 31. Re1+ Kd7 32. Rf7+
Kd8 33. Kxc4 Rb4+ 34. Kc5 Rc2+ 35. Kd6 Rd4+ 36. Ke6 Kc8 37. Rxh7 b5 38. Ra7 a4
39. Rf1 Re2+ 40. Kf6 Rd3 41. f4 b4 42. g4 a3 43. g5 b3 44. Rxa3 b2 45. Rxd3 1-0

[Event "Titled Tue 17th Jun Early"]
[Site "chess.com INT"]
[Date "2025.06.17"]
[Round "6"]
[White "Toroptseva, Yevheniia"]
[Black "Sarkar, Justin"]
[Result "0-1"]
[WhiteTitle "WFM"]
[BlackTitle "IM"]
[WhiteElo "2104"]
[BlackElo "2284"]
[WhiteFideId "34109374"]
[BlackFideId "2010011"]
[EventDate "2025.06.17"]

1. Nc3 Nc6 2. e4 d6 3. d4 g6 4. Be3 e5 5. dxe5 dxe5 6. Qxd8+ Nxd8 7. O-O-O c6 8.
f4 exf4 9. Bd4 f6 10. e5 Ne6 11. exf6 Nxd4 12. Rxd4 Nxf6 13. Ne4 Nd5 14. Bc4 Bg7
15. Rd2 Ne3 16. Nd6+ Ke7 17. Bb3 Rd8 18. Nxc8+ Raxc8 19. Ne2 Bxb2+ 20. Kxb2 Rxd2
21. Nxf4 Nxg2 22. Nd3 Rd8 23. Rf1 R8xd3 24. Rf7+ Kd6 25. Rxb7 Rh3 26. Rxa7 Rxh2
27. Ra8 Ne3 28. Rd8+ Kc5 29. Rxd2 Rxd2 30. Kc3 Rh2 31. a4 Nd5+ 32. Kb2 Nc7 33.
a5 Kb5 34. a6 Nxa6 35. Kc3 Nc5 36. Bg8 h5 37. Bc4+ Kb6 38. Bf7 h4 39. Kb2 h3 40.
Bxg6 Rg2 41. Bf5 h2 42. Bh7 h1=Q 43. Bf5 Qe1 44. Bh7 Qb4+ 45. Kc1 Rg1# 0-1

[Event "Titled Tue 17th Jun Early"]
[Site "chess.com INT"]
[Date "2025.06.17"]
[Round "6"]
[White "Szpar, Milosz"]
[Black "Bluebaum, Matthias"]
[Result "0-1"]
[WhiteTitle "IM"]
[BlackTitle "GM"]
[WhiteElo "2495"]
[BlackElo "2663"]
[WhiteFideId "1184989"]
[BlackFideId "24651516"]
[EventDate "2025.06.17"]

1. e4 e6 2. d4 d5 3. Nc3 Nf6 4. e5 Nfd7 5. f4 c5 6. Nf3 Nc6 7. Be3 Rb8 8. Bd3
cxd4 9. Nxd4 Nxd4 10. Bxd4 Bc5 11. Bb5 Qb6 12. Bxc5 Qxc5 13. Qd2 a6 14. Bxd7+
Bxd7 15. O-O-O b5 16. Ne2 b4 17. Nd4 O-O 18. g4 f6 19. Rhe1 Rbc8 20. Kb1 a5 21.
Re3 a4 22. exf6 Rxf6 23. a3 bxa3 24. Rxa3 Rb8 25. Ka1 Rff8 26. Re1 Rb6 27. f5
exf5 28. gxf5 Rfb8 29. Qc3 Qd6 30. Ne6 d4 31. Qc4 Bxe6 32. Qxe6+ Qxe6 33. fxe6
Rb4 34. e7 Re8 35. Rf3 Rb7 36. Rf4 Rbxe7 37. Rxe7 Rxe7 38. Rxd4 Re2 39. h4 Rxc2
40. Rxa4 h5 41. Rf4 Rg2 42. Kb1 Rg4 43. Rxg4 hxg4 44. Kc2 g3 45. Kd3 g2 0-1

[Event "Titled Tue 17th Jun Early"]
[Site "chess.com INT"]
[Date "2025.06.17"]
[Round "6"]
[White "Dumanuly, Sultanbeibarys"]
[Black "Negrean, Andrei"]
[Result "0-1"]
[WhiteTitle "FM"]
[BlackTitle "FM"]
[WhiteElo "2212"]
[BlackElo "2352"]
[WhiteFideId "13731963"]
[BlackFideId "1291513"]
[EventDate "2025.06.17"]

1. e4 c5 2. Nc3 Nc6 3. Bb5 g6 4. Bxc6 dxc6 5. d3 Bg7 6. Nge2 e5 7. Be3 Qe7 8.
Qd2 Nf6 9. f3 h5 10. O-O-O Be6 11. Kb1 Nd7 12. h4 b5 13. Nc1 a5 14. N3e2 a4 15.
g4 hxg4 16. fxg4 Bxg4 17. Rdg1 Bh5 18. Ng3 a3 19. b3 Qe6 20. Nxh5 Rxh5 21. Bg5
c4 22. dxc4 bxc4 23. Rd1 cxb3 24. cxb3 Bf6 25. Nd3 Be7 26. Qc3 c5 27. Be3 Rc8
28. Qc4 Qxc4 29. bxc4 Rxh4 30. Rxh4 Bxh4 31. Rh1 Bf6 32. Kc2 Rb8 33. Nxc5 Rb2+
34. Kc3 Rxa2 35. Nxd7 Kxd7 36. Bc5 Be7 37. Rd1+ Ke6 38. Bxe7 Kxe7 39. Kb3 Re2
40. Kxa3 Rxe4 41. Kb3 Rd4 0-1

[Event "Titled Tue 17th Jun Early"]
[Site "chess.com INT"]
[Date "2025.06.17"]
[Round "6"]
[White "Begunov, Konstantin"]
[Black "Dinesh, Rajan M"]
[Result "1-0"]
[WhiteTitle "FM"]
[BlackTitle "CM"]
[WhiteElo "2325"]
[BlackElo "2133"]
[WhiteFideId "4118510"]
[BlackFideId "35060600"]
[EventDate "2025.06.17"]

1. d4 Nf6 2. c4 c6 3. Nc3 d5 4. Nf3 g6 5. cxd5 cxd5 6. Bf4 Bg7 7. e3 O-O 8. Bd3
Nc6 9. Ne5 Nd7 10. Nxc6 bxc6 11. O-O e5 12. dxe5 Nxe5 13. Be2 Re8 14. Rc1 Rb8
15. Na4 Bd7 16. b3 h5 17. Nc5 h4 18. h3 Bc8 19. Nd3 Rb6 20. Nxe5 Bxe5 21. Bxe5
Rxe5 22. Qd4 Qf6 23. f4 Re6 24. Bg4 Qxd4 25. exd4 f5 26. Bf3 Ra6 27. Rc2 Bd7 28.
Kf2 Kf7 29. Re1 Rb6 30. Re5 Rb4 31. Ke3 Kf6 32. Bd1 Rb8 33. Rf2 Rc8 34. Kd3 Rg8
35. Bf3 g5 36. fxg5+ Rxg5 37. Rxe6+ Bxe6 38. Ke3 Rg8 39. Kf4 Rb8 40. Rc2 Rb4 41.
Ke3 Rb6 42. Rc5 Ra6 43. Rc2 Bd7 44. Be2 Rb6 45. Rc5 Be8 46. Ra5 Rb7 47. Kd2 Re7
48. Bf3 Kg5 49. Ra4 Kf4 50. Rb4 Rh7 51. Rb8 Bh5 52. Bxh5 Rxh5 53. Rg8 Ke4 54.
Kc3 Ke3 55. Rg6 f4 56. Rxc6 Rf5 57. Rg6 Kf2 58. Kb4 Ke3 59. Kc5 Rf8 60. b4 Rc8+
61. Kxd5 Rd8+ 62. Kc5 Rxd4 63. Re6+ Kd3 64. Rd6 Rxd6 65. Kxd6 Kc4 66. Ke5 Kxb4
67. Kxf4 Ka3 68. Kg5 Kxa2 69. Kxh4 Kb1 70. g4 a5 71. g5 a4 72. g6 a3 73. g7 a2
74. g8=Q a1=Q 75. Qg1+ Kb2 76. Qxa1+ Kxa1 77. Kg5 Kb2 78. h4 Kc3 79. h5 Kd4 80.
h6 Ke5 81. h7 Ke6 82. h8=Q Kf7 83. Qf6+ Kg8 84. Qe7 Kh8 85. Kg6 Kg8 86. Qe8# 1-0

[Event "Titled Tue 17th Jun Early"]
[Site "chess.com INT"]
[Date "2025.06.17"]
[Round "6"]
[White "Mesquita, Eduardo Barbosa"]
[Black "Chen, Yidong"]
[Result "1-0"]
[WhiteElo "2014"]
[BlackElo "2074"]
[WhiteFideId "22757163"]
[BlackFideId "8607028"]
[EventDate "2025.06.17"]

1. e4 c5 2. Nf3 d6 3. d4 cxd4 4. Nxd4 Nf6 5. Nc3 a6 6. f3 e5 7. Nb3 Be6 8. Be3
h5 9. Qd2 Nbd7 10. O-O-O Rc8 11. Kb1 Qc7 12. Bd3 Be7 13. h3 h4 14. f4 b5 15. f5
Bc4 16. Qf2 b4 17. Nd5 Nxd5 18. exd5 Bf6 19. Bxc4 Qxc4 20. Na5 Qb5 21. Nc6 Qb7
22. Ba7 O-O 23. Rhe1 Rfe8 24. Re4 Ra8 25. Rxb4 Qc7 26. Re4 a5 27. Rd3 Rec8 28.
Ra3 Qb7 29. Rxa5 Rxc6 30. dxc6 Qxc6 31. Rea4 Rc8 32. Be3 d5 33. Ra6 Qc7 34. Bb6
Nxb6 35. Rxb6 d4 36. Rb3 e4 37. a3 e3 38. Qe2 Qc6 39. Rab4 Qd7 40. Qd3 Re8 41.
Rb8 e2 42. Qxe2 Rxb8 43. Rxb8+ Kh7 44. Qh5# 1-0

[Event "Titled Tue 17th Jun Early"]
[Site "chess.com INT"]
[Date "2025.06.17"]
[Round "6"]
[White "Yao, Hanchi"]
[Black "Winkels, Marcel"]
[Result "1-0"]
[BlackTitle "CM"]
[WhiteElo "2129"]
[BlackElo "1905"]
[WhiteFideId "30957397"]
[BlackFideId "1003887"]
[EventDate "2025.06.17"]

1. d4 d6 2. e4 Nf6 3. Nc3 g6 4. f3 Bg7 5. Be3 c6 6. Bc4 b5 7. Bb3 a5 8. a4 b4 9.
Nce2 Ba6 10. c4 bxc3 11. bxc3 Nbd7 12. Nh3 c5 13. O-O O-O 14. Bc2 Rb8 15. Re1
Rb2 16. Qc1 Qb6 17. Nhf4 Rb8 18. Nd3 Bxd3 19. Bxd3 Ne8 20. Bg5 cxd4 21. cxd4
Bxd4+ 22. Nxd4 Qxd4+ 23. Qe3 Qxe3+ 24. Bxe3 f6 25. Bc4+ Kg7 26. Bb5 Ne5 27. Bd4
Nc7 28. Bxb2 Nxb5 29. axb5 Rxb5 30. Bxe5 fxe5 31. Reb1 Rc5 32. Ra2 Kf6 33. Rba1
Rc3 34. Rxa5 g5 35. Ra8 g4 36. Rf8+ Kg7 37. Re8 Kf7 38. Raa8 gxf3 39. gxf3 Rc1+
40. Kg2 Rc2+ 41. Kg3 Rc1 42. Rh8 Rg1+ 43. Kf2 Rg7 44. Raf8+ Ke6 45. Rhg8 Rg6 46.
Rxg6+ hxg6 47. Kg3 d5 48. exd5+ Kxd5 49. Kg4 Ke6 50. Kg5 e4 51. fxe4 Ke5 52.
Kxg6 Kxe4 53. h4 e5 54. h5 Kd3 55. h6 e4 56. h7 e3 57. h8=Q e2 58. Rd8+ Ke3 59.
Qh3+ Kf2 60. Qh2+ Kf1 61. Rf8+ Ke1 62. Qf2+ Kd1 63. Rd8+ 1-0

[Event "Titled Tue 17th Jun Early"]
[Site "chess.com INT"]
[Date "2025.06.17"]
[Round "6"]
[White "Kislinsky, Alexey"]
[Black "Yezhel, Valiantsin"]
[Result "1-0"]
[WhiteTitle "GM"]
[BlackTitle "FM"]
[WhiteElo "2341"]
[BlackElo "2256"]
[WhiteFideId "14108801"]
[BlackFideId "13504983"]
[EventDate "2025.06.17"]

1. e4 c5 2. Nf3 g6 3. Nc3 Bg7 4. g3 Nc6 5. Bg2 e6 6. O-O Nge7 7. Re1 O-O 8. d3
d6 9. a4 a6 10. Bg5 h6 11. Bf4 e5 12. Be3 Rb8 13. Nd2 b5 14. axb5 axb5 15. f4
Nd4 16. Rb1 b4 17. Ne2 Nec6 18. c3 bxc3 19. bxc3 Rxb1 20. Nxb1 Nxe2+ 21. Qxe2
exf4 22. gxf4 Re8 23. Qc2 Qc7 24. Nd2 Be6 25. Nc4 Bxc4 26. dxc4 Qa5 27. e5 Nd4
28. Qc1 Nf5 29. exd6 Nxd6 30. Bd5 Bxc3 31. Rd1 Nf5 32. Bf2 Bd4 33. Bxd4 Nxd4 34.
Qd2 Qa3 35. Re1 Rb8 36. Qg2 Kg7 37. Qe4 Rb6 38. Qe5+ Rf6 39. Rb1 Qd3 40. Re1 1-0

[Event "Titled Tue 17th Jun Early"]
[Site "chess.com INT"]
[Date "2025.06.17"]
[Round "6"]
[White "Mummana Venkata Ruthvik"]
[Black "Deng, Henry"]
[Result "0-1"]
[WhiteTitle "CM"]
[BlackTitle "FM"]
[WhiteElo "2237"]
[BlackElo "2327"]
[WhiteFideId "25697307"]
[BlackFideId "30965454"]
[EventDate "2025.06.17"]

1. Nf3 d5 2. g3 b6 3. Bg2 Bb7 4. O-O Nf6 5. d4 e6 6. b3 Nbd7 7. Bb2 Be7 8. Nbd2
O-O 9. Rc1 c5 10. c4 dxc4 11. Nxc4 Rc8 12. Qd2 cxd4 13. Bxd4 Nc5 14. Qb2 Bd5 15.
Rfd1 Qd7 16. Ne3 Bxf3 17. Bxc5 Bd5 18. Nxd5 exd5 19. Bxe7 Qxe7 20. Rxc8 Rxc8 21.
e3 Rc5 22. b4 Rc4 23. a3 h5 24. Bxd5 Rc8 25. Bf3 h4 26. Qd4 hxg3 27. hxg3 Qe6
28. Kg2 a5 29. Rh1 Rc2 30. Qh4 Kf8 31. Rd1 Qxe3 32. Qh8+ Ng8 33. Rd8+ Ke7 34.
Qxg8 Rxf2+ 35. Kh3 Qh6+ 36. Kg4 Qe6+ 37. Kg5 Qe5+ 38. Kg4 Qe6+ 39. Kg5 Qf6+ 40.
Kg4 Qxf3+ 41. Kh3 Qh5# 0-1

[Event "Titled Tue 17th Jun Early"]
[Site "chess.com INT"]
[Date "2025.06.17"]
[Round "6"]
[White "Sabatier, Mathis"]
[Black "Idani, Pouya"]
[Result "0-1"]
[WhiteTitle "CM"]
[BlackTitle "GM"]
[WhiteElo "2235"]
[BlackElo "2593"]
[WhiteFideId "26029685"]
[BlackFideId "12510130"]
[EventDate "2025.06.17"]

1. d4 f5 2. Nf3 Nf6 3. g3 g6 4. Bg2 Bg7 5. O-O O-O 6. c4 d6 7. Nc3 Qe8 8. d5 a5
9. Nd4 Na6 10. e4 fxe4 11. Nxe4 Nxe4 12. Bxe4 Bh3 13. Bg2 Bxg2 14. Kxg2 Nc5 15.
Be3 c6 16. Rb1 cxd5 17. cxd5 Qf7 18. Nf3 Ne4 19. Ng5 Nxg5 20. Bxg5 Rac8 21. Qd2
Rc5 22. Rbd1 Rfc8 23. Rfe1 Rc2 24. Qf4 Be5 25. Qxf7+ Kxf7 26. Rc1 R8c5 27. Be3
Bxb2 28. Rxc2 Rxc2 29. a4 Bc3 30. Rb1 Bb4 31. Rd1 Ra2 32. Rc1 Rxa4 33. Rc7 Ra2
34. Bg5 Re2 35. Rxb7 Bc5 36. h4 Rxf2+ 37. Kh3 Re2 38. Kg4 h5+ 39. Kh3 a4 40. Rb8
a3 41. Rh8 a2 42. Ra8 Bd4 0-1

[Event "Titled Tue 17th Jun Early"]
[Site "chess.com INT"]
[Date "2025.06.17"]
[Round "6"]
[White "Jimenez Fernandez, Rebeca"]
[Black "Nazin, Roman"]
[Result "0-1"]
[WhiteTitle "WFM"]
[BlackTitle "CM"]
[WhiteElo "2154"]
[BlackElo "2250"]
[WhiteFideId "32070934"]
[BlackFideId "4137167"]
[EventDate "2025.06.17"]

1. e4 e6 2. d4 d5 3. exd5 exd5 4. Nf3 Nf6 5. Bd3 Be7 6. Kf1 O-O 7. h4 Bg4 8. g3
c5 9. c3 Nc6 10. Be3 cxd4 11. cxd4 Ne4 12. Kg2 Rc8 13. Nc3 f5 14. Qb3 Bxf3+ 15.
Kxf3 Nd2+ 16. Bxd2 Nxd4+ 17. Kg2 Nxb3 18. axb3 d4 19. Ne2 Qd5+ 20. Kh2 Qxb3 21.
Nf4 Bd6 22. Rhd1 a6 23. Be2 Rfe8 24. Bf1 Kh8 25. Bg2 Qf7 26. Bd5 Qd7 27. Bf3 Re4
28. Ra5 Rc2 29. Kg2 g6 30. Rd5 Qe7 31. b4 Rxd2 32. Rxd2 Bxf4 33. gxf4 Rxf4 34.
R2xd4 Rxd4 35. Rxd4 Kg7 36. h5 Kf6 37. Kg3 g5 38. h6 Qe5+ 0-1

[Event "Titled Tue 17th Jun Early"]
[Site "chess.com INT"]
[Date "2025.06.17"]
[Round "6"]
[White "Jakovljevic, Dejan"]
[Black "Moreira, Ronaldo Alonso"]
[Result "0-1"]
[WhiteTitle "CM"]
[WhiteElo "1956"]
[BlackElo "2094"]
[WhiteFideId "949418"]
[BlackFideId "2110547"]
[EventDate "2025.06.17"]

1. e4 e6 2. d4 d5 3. e5 c5 4. c3 Nc6 5. Nf3 Qb6 6. a3 Nh6 7. b4 cxd4 8. cxd4 Nf5
9. Bb2 Be7 10. Be2 Bd7 11. O-O a6 12. h3 Rc8 13. g4 Nh4 14. Nxh4 Bxh4 15. Qd3
Na7 16. Nc3 Nb5 17. Na4 Qa7 18. Nc5 Be7 19. a4 Nc7 20. Nxd7 Kxd7 21. b5 axb5 22.
axb5 Qb6 23. Bc3 Ra8 24. f4 g6 25. f5 Rxa1 26. Rxa1 Ra8 27. Rxa8 Nxa8 28. fxg6
hxg6 29. Qf3 Ke8 30. h4 Nc7 31. h5 gxh5 32. gxh5 Nxb5 33. h6 Nxc3 34. Qxc3 Qb1+
35. Kf2 Qf5+ 36. Qf3 Qxf3+ 37. Kxf3 Bf8 38. h7 Bg7 39. Bb5+ Ke7 40. Kg4 f6 0-1

[Event "Titled Tue 17th Jun Early"]
[Site "chess.com INT"]
[Date "2025.06.17"]
[Round "6"]
[White "Nayem, Haque"]
[Black "Skliarov, Viktor"]
[Result "0-1"]
[WhiteTitle "FM"]
[BlackTitle "IM"]
[WhiteElo "2180"]
[BlackElo "2334"]
[WhiteFideId "10217754"]
[BlackFideId "14106736"]
[EventDate "2025.06.17"]

1. e4 c5 2. Nf3 Nc6 3. d4 cxd4 4. Nxd4 Nf6 5. Nc3 e5 6. Nxc6 bxc6 7. Bd3 Be7 8.
O-O O-O 9. Kh1 d5 10. Qe2 d4 11. Nd1 Bg4 12. f3 Be6 13. b3 Nd7 14. Nb2 Nb6 15.
a4 a5 16. f4 f6 17. Nc4 Nxc4 18. Bxc4 Bxc4 19. Qxc4+ Kh8 20. Bd2 exf4 21. Bxf4
c5 22. Rae1 Qd7 23. Rf3 Rae8 24. Qd3 Bd8 25. Rh3 g6 26. Kg1 Kg8 27. Rg3 Rf7 28.
h4 Kh8 29. Qf3 Qb7 30. Bd2 Bc7 31. Rh3 f5 32. h5 fxe4 33. Qg4 Qc8 34. Qxc8 Rxc8
35. hxg6 Rg7 36. Rxe4 Rxg6 37. Kh1 Bd6 38. c3 Rf8 39. Re1 Rf2 40. Bh6 Kg8 41.
cxd4 cxd4 42. Re8+ Kf7 43. Re1 Rgxg2 44. Rd1 Rh2+ 45. Rxh2 Rxh2+ 46. Kg1 Rxh6
47. Kg2 Bc5 48. Rf1+ Rf6 49. Rh1 h6 0-1

[Event "Titled Tue 17th Jun Early"]
[Site "chess.com INT"]
[Date "2025.06.17"]
[Round "6"]
[White "Mekhitarian, Krikor Sevag"]
[Black "Teterev, Vitaly"]
[Result "1-0"]
[WhiteTitle "GM"]
[BlackTitle "GM"]
[WhiteElo "2564"]
[BlackElo "2248"]
[WhiteFideId "2107660"]
[BlackFideId "13501429"]
[EventDate "2025.06.17"]

1. Nf3 d5 2. c4 d4 3. b4 g6 4. g3 Bg7 5. d3 c5 6. Bg2 cxb4 7. a3 b3 8. Nbd2 Nc6
9. O-O Nf6 10. Nxb3 O-O 11. Rb1 Re8 12. Qc2 e5 13. Bg5 Qc7 14. Bxf6 Bxf6 15.
Nfd2 Bg7 16. c5 Be6 17. Nc4 Re7 18. Rfc1 h5 19. Nbd2 Rb8 20. Nd6 h4 21. Qa4 Bd7
22. Qb3 Nd8 23. Bd5 hxg3 24. hxg3 Be6 25. Bxe6 Nxe6 26. N2e4 Kf8 27. Qd5 f5 28.
Nd2 Ng5 29. Nf3 Nh7 30. Kg2 Nf6 31. Qb3 Qc6 32. Qb5 Qxb5 33. Rxb5 Ne8 34. Nc4
Rc8 35. Rcb1 e4 36. Nh4 Kf7 37. Nd6+ Nxd6 38. cxd6 Rd7 39. Rxb7 Rd8 40. Rc7 Rxc7
41. dxc7 Rc8 42. Rb7 Be5 43. Rxa7 Rxc7 44. Rxc7+ Bxc7 45. Kf1 Kf6 46. Ke1 e3 47.
Kf1 exf2 48. Kxf2 g5 49. Nf3 g4 50. Nxd4 Bb6 51. e3 Ke5 52. Ke2 Kd5 53. Nxf5 1-0

[Event "Titled Tue 17th Jun Early"]
[Site "chess.com INT"]
[Date "2025.06.17"]
[Round "6"]
[White "Guo, Felix"]
[Black "Kalyani Sirin"]
[Result "1-0"]
[BlackTitle "WFM"]
[WhiteElo "2091"]
[BlackElo "2138"]
[WhiteFideId "30997550"]
[BlackFideId "33323500"]
[EventDate "2025.06.17"]

1. e4 e5 2. Bc4 Nc6 3. Nf3 Bc5 4. O-O Nf6 5. d4 Bxd4 6. Nxd4 Nxd4 7. Bg5 d6 8.
f4 Be6 9. Nd2 Bxc4 10. Nxc4 Ne6 11. fxe5 dxe5 12. Bxf6 gxf6 13. Ne3 Qxd1 14.
Raxd1 c6 15. Rxf6 Ke7 16. Rdf1 Raf8 17. Nc4 Nf4 18. Rh6 f6 19. g3 Ne6 20. Ne3
Nc5 21. Nf5+ Ke6 22. Rh4 a5 23. Rd1 Rd8 24. Rxd8 Rxd8 25. Rxh7 Nxe4 26. g4 Rd7
27. Rxd7 Kxd7 28. h4 Ke6 29. Kg2 a4 30. Kf3 Nd2+ 31. Ke2 Ne4 32. h5 b5 33. Ke3
Ng5 34. a3 c5 35. c3 Kd5 36. Ne7+ Kc4 37. Ng8 Nh7 38. h6 Kd5 39. Nxf6+ Nxf6 40.
g5 Ke6 41. gxf6 Kxf6 42. Ke4 Kg6 43. Kxe5 1-0

[Event "Titled Tue 17th Jun Early"]
[Site "chess.com INT"]
[Date "2025.06.17"]
[Round "6"]
[White "Popov, Tikhon"]
[Black "Hansen, Eric"]
[Result "0-1"]
[WhiteTitle "CM"]
[BlackTitle "GM"]
[WhiteElo "2173"]
[BlackElo "2609"]
[WhiteFideId "24252026"]
[BlackFideId "2606771"]
[EventDate "2025.06.17"]

1. e4 c5 2. Nf3 e6 3. d4 cxd4 4. Nxd4 a6 5. Bd3 Qb6 6. Nb3 Qc7 7. Nc3 d6 8. Qe2
Nc6 9. f4 b5 10. Be3 Nf6 11. g4 Nb4 12. g5 Nd7 13. O-O-O Bb7 14. Kb1 Nc5 15. f5
Be7 16. Bd4 Bxg5 17. fxe6 Nxe6 18. Rhg1 Nxd4 19. Nxd4 Bf6 20. Nf5 O-O-O 21. Nd5
Nxd5 22. exd5 g6 23. Ng3 Kb8 24. Rgf1 Be5 25. a4 bxa4 26. Bxa6 Qb6 27. Bb5 f5
28. Rf3 Rc8 29. c4 Ba6 30. Bxa6 Qxa6 31. Rc1 Rc5 32. Nf1 Rhc8 33. Ne3 f4 34. Ng4
Rxc4 35. Rxc4 Qxc4 36. Qf2 Bd4 37. Qd2 g5 38. h4 h5 39. Nh6 Be3 40. Qd1 g4 41.
Rf1 Rc5 42. Nf7 Qe4+ 43. Ka2 Qxd5+ 44. Ka3 Qxd1 45. Rxd1 d5 46. Ne5 g3 47. Nd7+
Kc7 48. Nxc5 Bxc5+ 49. Kxa4 g2 0-1

[Event "Titled Tue 17th Jun Early"]
[Site "chess.com INT"]
[Date "2025.06.17"]
[Round "6"]
[White "Stankovic, Boris"]
[Black "Tekeyev, Zaur"]
[Result "0-1"]
[WhiteTitle "FM"]
[BlackTitle "IM"]
[WhiteElo "2298"]
[BlackElo "2407"]
[WhiteFideId "985317"]
[BlackFideId "4199731"]
[EventDate "2025.06.17"]

1. e4 e5 2. Nf3 Nc6 3. Nc3 Nf6 4. g3 d5 5. exd5 Nxd5 6. Bg2 Nxc3 7. bxc3 Bd6 8.
O-O O-O 9. d3 Bg4 10. h3 Bh5 11. g4 Bg6 12. Be3 f5 13. gxf5 Bxf5 14. Rb1 Qd7 15.
Ng5 Be7 16. Qh5 b6 17. Kh2 Rf6 18. Ne4 Rf7 19. Rg1 Raf8 20. Bh1 Nd8 21. Ng5 Bxg5
22. Qxg5 Ne6 23. Qh4 Nf4 24. Bxf4 exf4 25. c4 Qd6 26. Bd5 Be6 27. Bxe6 Qxe6 28.
Rb5 c5 29. Rbb1 Qe2 30. Rbe1 Qxc2 31. Re7 Qc3 32. Rxf7 Rxf7 33. Qd8+ Rf8 34.
Qd5+ Kh8 35. Rg5 Qf6 36. Re5 h6 37. Re4 Qh4 38. Re2 f3 39. Rd2 Qf4+ 0-1

[Event "Titled Tue 17th Jun Early"]
[Site "chess.com INT"]
[Date "2025.06.17"]
[Round "6"]
[White "Carlsen, Magnus"]
[Black "Terry, Renato"]
[Result "1-0"]
[WhiteTitle "GM"]
[BlackTitle "IM"]
[WhiteElo "2837"]
[BlackElo "2508"]
[WhiteFideId "1503014"]
[BlackFideId "3803457"]
[EventDate "2025.06.17"]

1. e4 e6 2. b3 d5 3. Bb2 Nf6 4. e5 Ng8 5. h4 c5 6. h5 h6 7. Nf3 Nc6 8. g3 Nge7
9. Bg2 Nf5 10. Nc3 Nfd4 11. Nxd4 Nxd4 12. Ne2 Nf5 13. c4 dxc4 14. bxc4 Be7 15.
g4 Nh4 16. Be4 O-O 17. Qb3 Rb8 18. a4 a6 19. Bc3 Bd7 20. a5 Bc6 21. Bxc6 bxc6
22. Qc2 f5 23. exf6 Nf3+ 24. Kf1 Bxf6 25. Kg2 Bxc3 26. dxc3 Qf6 27. Ng3 Ne5 28.
Qe2 Qf4 29. Rae1 Nxg4 30. Rhf1 e5 31. f3 Nf6 32. Qxe5 Rb2+ 33. Kh3 Qxc4 34. Nf5
Kh7 35. Rg1 Rf7 36. Nd6 Qd3 37. Re3 Qd2 38. Nxf7 Qf2 39. Qf5+ Kg8 40. Nxh6+ Kh8
41. Re8+ Nxe8 42. Qf8+ Kh7 43. Qg8+ Kxh6 44. Qh8# 1-0

[Event "Titled Tue 17th Jun Early"]
[Site "chess.com INT"]
[Date "2025.06.17"]
[Round "6"]
[White "Sychev, Klementy"]
[Black "Otdelnov, Kirill"]
[Result "1-0"]
[WhiteTitle "GM"]
[BlackTitle "FM"]
[WhiteElo "2513"]
[BlackElo "2273"]
[WhiteFideId "4114060"]
[BlackFideId "24280216"]
[EventDate "2025.06.17"]

1. e4 c5 2. Nf3 e6 3. d4 cxd4 4. Nxd4 Nc6 5. Nc3 Qc7 6. Ndb5 Qb8 7. a4 a6 8. Na3
Nf6 9. g3 Qc7 10. Nc4 d6 11. Be3 Ne5 12. Nb6 Rb8 13. Be2 Nfd7 14. a5 Be7 15. O-O
Nf6 16. f4 Nc6 17. Bf3 O-O 18. Qd2 Bd7 19. g4 Be8 20. g5 Nd7 21. Nxd7 Bxd7 22.
Bb6 Qc8 23. Kh1 Bd8 24. Qxd6 Bxb6 25. axb6 Rd8 26. Qc7 Nb4 27. Rad1 Bc6 28.
Rxd8+ Qxd8 29. Rd1 Qe8 30. Rd2 a5 31. Qd6 Rc8 32. h4 g6 33. h5 Na6 34. h6 Qf8
35. Qd4 Nc5 36. Kh2 Nd7 37. Bg4 Re8 38. Qe3 e5 39. f5 Rd8 40. fxg6 hxg6 41. Qf2
Kh7 42. Bxd7 Rxd7 43. Rxd7 Bxd7 44. Nd5 Be6 45. Qf6 Bxd5 46. exd5 e4 47. d6 e3
48. d7 e2 49. d8=Q Qxd8 50. Qg7# 1-0

[Event "Titled Tue 17th Jun Early"]
[Site "chess.com INT"]
[Date "2025.06.17"]
[Round "6"]
[White "Goh, Zi Han"]
[Black "Aalto, Patrik"]
[Result "1-0"]
[WhiteTitle "FM"]
[BlackTitle "FM"]
[WhiteElo "2275"]
[BlackElo "2316"]
[WhiteFideId "5819156"]
[BlackFideId "510726"]
[EventDate "2025.06.17"]

1. d4 Nf6 2. c4 e6 3. g3 Bb4+ 4. Bd2 Qe7 5. Bg2 Nc6 6. e3 e5 7. d5 Bxd2+ 8. Qxd2
Nb8 9. Ne2 d6 10. Nbc3 O-O 11. O-O a5 12. a3 Na6 13. b4 Bd7 14. Rab1 h6 15. Rfc1
Rfc8 16. c5 dxc5 17. b5 Nb8 18. d6 Qxd6 19. Qxd6 cxd6 20. Bxb7 Ra7 21. Bxc8 Bxc8
22. b6 Rb7 23. Rd1 Bf5 24. Rb2 Ne8 25. e4 Be6 26. Rdb1 Nd7 27. Rb5 Bc4 28. Rxa5
Rxb6 29. Rxb6 Nxb6 30. Ra7 Nf6 31. f3 d5 32. exd5 Nfxd5 33. Nxd5 Nxd5 34. Kf2
Nb6 35. Nc3 Be6 36. a4 c4 37. a5 Nd7 38. Rc7 Nb8 39. Ne4 Na6 40. Ra7 Nb4 41. Ke3
Bd5 42. Nc3 Bc6 43. Rc7 Kf8 44. a6 Ke8 45. a7 Nd5+ 46. Nxd5 Bxd5 47. a8=Q+ Bxa8
48. Rc8+ Kd7 49. Rxa8 c3 50. Kd3 1-0

[Event "Titled Tue 17th Jun Early"]
[Site "chess.com INT"]
[Date "2025.06.17"]
[Round "6"]
[White "Filev, Georgi"]
[Black "Kapra, Jerjis"]
[Result "1-0"]
[WhiteTitle "FM"]
[WhiteElo "2189"]
[BlackElo "2055"]
[WhiteFideId "2907500"]
[BlackFideId "2640341"]
[EventDate "2025.06.17"]

1. e4 e6 2. d4 d5 3. e5 c5 4. c3 Nc6 5. Nf3 Bd7 6. Be2 Nge7 7. Na3 cxd4 8. cxd4
Nf5 9. Nc2 Be7 10. O-O O-O 11. Bd3 f6 12. Bxf5 exf5 13. Re1 Be8 14. exf6 Bxf6
15. Ne5 Rc8 16. f4 Qb6 17. Kh1 g6 18. b3 Bf7 19. Bb2 Rfe8 20. Ne3 Red8 21. Rc1
a5 22. a3 Be7 23. Qd3 Bf8 24. g4 Nxe5 25. fxe5 fxg4 26. Nxg4 Bg7 27. Rf1 Rxc1
28. Bxc1 Qa6 29. Qf3 Be6 30. Nf6+ Kh8 31. Bg5 Rf8 32. Kg1 Qb6 33. Qf4 Qxb3 34.
Qh4 Qh3 35. Qxh3 Bxh3 36. Rb1 Bc8 37. Rb5 h6 38. Bh4 g5 39. Bg3 Bxf6 40. exf6
Rd8 41. Be5 Kg8 42. Rc5 Bd7 43. Rc7 Bc6 44. Rg7+ Kf8 45. Rh7 Re8 46. f7 Rd8 47.
Rh8+ Kxf7 48. Rxd8 1-0